000 00217nam a22000857a 4500
999 _c6394
_d6394
008 170524b xxu||||| |||| 00| 0 eng d
020 _a8178120044
100 _93107
_aSharma.R.C.
245 _aEnglish Conversation for Beginners
260 _aNew Delhi